Interiores de oficinas / (Registro nro. 2587)
[ vista simple ]
| 000 -LEADER | |
|---|---|
| fixed length control field | 01165nam a2200253Ia 4500 |
| 003 - CONTROL NUMBER IDENTIFIER | |
| control field | PE SENCICO BE |
| 005 - DATE AND TIME OF LATEST TRANSACTION | |
| control field | 20260219145041.0 |
| 008 - FIXED-LENGTH DATA ELEMENTS--GENERAL INFORMATION | |
| fixed length control field | 200515s9999 xx 000 0 und d |
| 020 ## - INTERNATIONAL STANDARD BOOK NUMBER | |
| International Standard Book Number | 84-96696-15-7 |
| 040 ## - CATALOGING SOURCE | |
| Original cataloging agency | PE SENCICO BE |
| Transcribing agency | PE SENCICO BE |
| 041 ## - LANGUAGE CODE | |
| Language code of text/sound track or separate title | spa |
| 082 ## - DEWEY DECIMAL CLASSIFICATION NUMBER | |
| Classification number | 747.8 |
| Item number | M81 |
| 100 1# - MAIN ENTRY--PERSONAL NAME | |
| Personal name | Mostaedi, Arian |
| 9 (RLIN) | 112 |
| Relator term | autor |
| 245 10 - TITLE STATEMENT | |
| Title | Interiores de oficinas / |
| Statement of responsibility, etc. | Arian Mostaedi |
| 250 ## - EDITION STATEMENT | |
| Edition statement | [1a ed.] |
| 260 ## - PUBLICATION, DISTRIBUTION, ETC. | |
| Place of publication, distribution, etc. | Barcelona : |
| Name of publisher, distributor, etc. | Instituto Monsa de Ediciones ; |
| Date of publication, distribution, etc. | sin año |
| 300 ## - PHYSICAL DESCRIPTION | |
| Extent | 175 páginas : |
| Other physical details | ilustraciones a color, láminas, tablas, gráficos ; |
| Dimensions | 30 cm. |
| 505 0# - FORMATTED CONTENTS NOTE | |
| Formatted contents note | Snowcrash office and showroom -- Day Offices -- The design centre -- Beacon Communications office --Werdich Headquarter Offices -- Reanult design Barcelona -- Company Building Tobias Grau -- Cellular Operations Headquarters -- GC Osaka Building -- The Oxo Toxer |
| 520 3# - SUMMARY, ETC. | |
| Summary, etc. | Recoge más de 20 proyectos de rompedoras propuestas de entornos laborales que destacan por la nueva concepción del espacio, los materiales y el color. |
| 650 10 - SUBJECT ADDED ENTRY--TOPICAL TERM | |
| Topical term or geographic name entry element | Diseño de interiores |
| 9 (RLIN) | 315 |
| 650 20 - SUBJECT ADDED ENTRY--TOPICAL TERM | |
| Topical term or geographic name entry element | Diseño arquitectónico |
| 9 (RLIN) | 316 |
| 650 20 - SUBJECT ADDED ENTRY--TOPICAL TERM | |
| Topical term or geographic name entry element | Oficinas |
| 9 (RLIN) | 8 |
| 942 ## - ADDED ENTRY ELEMENTS (KOHA) | |
| Koha item type | Libros |
| Source of classification or shelving scheme | Dewey Decimal Classification |
| Fecha de la última vez que lo usaron | Número de ingreso o de inventario | Pago total | Signatura topográfica completa | Código de barras | Precio efectivo desde | Tipo de documento | Estado perdido | Sistema de clasificación | Estado dañado | No es para préstamo | Retirado | Ubicación permanente | Ubicación actual | Fecha de adquisición |
|---|---|---|---|---|---|---|---|---|---|---|---|---|---|---|
| 25/11/2025 | 747.8/M81 | BibZareq25112583 | 25/11/2025 | Libros | Dewey Decimal Classification | Biblioteca Arequipa | Biblioteca Arequipa | 25/11/2025 | ||||||
| 15/05/2020 | 15426 | 747.8/M81 | BibLima25112582 | 15/05/2020 | Libros | Dewey Decimal Classification | Biblioteca Central Lima | Biblioteca Central Lima | 15/05/2020 |